<?xml version="1.0" encoding="UTF-8"?>
<record
    xmlns:xsi="http://www.w3.org/2001/XMLSchema-instance"
    xsi:schemaLocation="http://www.loc.gov/MARC21/slim http://www.loc.gov/standards/marcxml/schema/MARC21slim.xsd"
    xmlns="http://www.loc.gov/MARC21/slim">

  <leader>04181cam a2200397 i 4500</leader>
  <controlfield tag="001">21587064</controlfield>
  <controlfield tag="003">EG-ScBUE</controlfield>
  <controlfield tag="005">20211206140621.0</controlfield>
  <controlfield tag="008">200625t2020    nyuab  f      001 0 eng d</controlfield>
  <datafield tag="020" ind1=" " ind2=" ">
    <subfield code="a">9781682686096</subfield>
  </datafield>
  <datafield tag="040" ind1=" " ind2=" ">
    <subfield code="a">DLC</subfield>
    <subfield code="b">eng</subfield>
    <subfield code="e">rda</subfield>
    <subfield code="c">DLC</subfield>
    <subfield code="d">DLC</subfield>
    <subfield code="d">EG-ScBUE</subfield>
  </datafield>
  <datafield tag="082" ind1="0" ind2="4">
    <subfield code="a">794.8</subfield>
    <subfield code="b">DIM</subfield>
    <subfield code="2">22</subfield>
  </datafield>
  <datafield tag="100" ind1="1" ind2=" ">
    <subfield code="a">Dimopoulos, K.</subfield>
    <subfield code="q">(Konstantinos),</subfield>
    <subfield code="e">author.</subfield>
  </datafield>
  <datafield tag="245" ind1="1" ind2="0">
    <subfield code="a">Virtual cities :</subfield>
    <subfield code="b">an atlas &amp; exploration of video game cities /</subfield>
    <subfield code="c">Konstantinos Dimopoulos ; maps and illustrations by Maria Kallikaki ; additional maps by Vivi Papanastasiou.</subfield>
  </datafield>
  <datafield tag="250" ind1=" " ind2=" ">
    <subfield code="a">First Edition.</subfield>
  </datafield>
  <datafield tag="264" ind1=" " ind2="1">
    <subfield code="a">New York :</subfield>
    <subfield code="b">The Countryman Press,</subfield>
    <subfield code="c">2020.</subfield>
  </datafield>
  <datafield tag="264" ind1=" " ind2="4">
    <subfield code="c">&#xA9; 2020</subfield>
  </datafield>
  <datafield tag="300" ind1=" " ind2=" ">
    <subfield code="a">ix, 214 pages :</subfield>
    <subfield code="b">color illustrations, color maps ;</subfield>
    <subfield code="c">27 cm</subfield>
  </datafield>
  <datafield tag="336" ind1=" " ind2=" ">
    <subfield code="a">text</subfield>
    <subfield code="b">txt</subfield>
    <subfield code="2">rdacontent</subfield>
  </datafield>
  <datafield tag="337" ind1=" " ind2=" ">
    <subfield code="a">unmediated</subfield>
    <subfield code="b">n</subfield>
    <subfield code="2">rdamedia</subfield>
  </datafield>
  <datafield tag="338" ind1=" " ind2=" ">
    <subfield code="a">volume</subfield>
    <subfield code="b">nc</subfield>
    <subfield code="2">rdacarrier</subfield>
  </datafield>
  <datafield tag="500" ind1=" " ind2=" ">
    <subfield code="a">Includes index.</subfield>
  </datafield>
  <datafield tag="505" ind1="0" ind2=" ">
    <subfield code="a">Antescher (Ant Attack) -- Dun Darach (Dun Darach) -- Woodtick (Monkey Island 2: LeChuck's Revenge) -- Rubacava (Grim Fandango) -- The City (Thief: The Dark Project) -- Sigil (Planescape: Torment) -- Clock Town (The Legend of Zelda: Majora's Mask) -- Orgrimmar (World of Warcraft) -- London (Fallen London) -- Anor Londo (Dark Souls) -- Whiterun (The Elder Scrolls V: Skyrim) -- Dunwall (Dishonored) -- Yharnam (Bloodborne) -- Novigrad (The Witcher 3: Wild Hunt) -- Neketaka (Pillars of Eternity II: Deadfire) -- Metro City (Final Fight) -- Lizard Breath (It Came from the Desert) -- New Orleans (Gabriel Knight: Sins of the Fathers) -- Fourside (EarthBound [a.k.a. Mother 2]) -- Raccoon City (Resident Evil 2) -- Silent Hill (Silent Hill) -- Wan Chai (Shenmue II) -- Olympic City (Need for Speed: Underground) -- Pripyat (S.T.A.L.K.E.R.: Call of Pripyat) -- Arkham City (Batman: Arkham City) -- Steelport (Saints Row: The Third) -- Kamurocho (Yakuza 0) -- London (Assassin's Creed: Syndicate) -- Milton (The Long Dark) -- New Donk City (Super Mario Odyssey) -- Anytown, USA (0&#xB0;N 0&#xB0;W) -- Seaside Valley (Bus Simulator 18) -- New Bretagne (Lamplight City) -- Rockvil (A Mind Forever Voyaging) -- Terrapolis (B.A.T. [Bureau of Astral Troubleshooters]) -- Union City (Beneath a Steel Sky) -- Midgar (Final Fantasy VII) -- Mega-Primus (X-COM: Apocalypse) -- Tarsonis City (StarCraft Series) -- New York City (Deus Ex) -- City 17 (Half Life 2) -- Citadel (Mass Effect Trilogy) -- New Vegas (Fallout: New Vegas) -- Propast, Europolis (Dreamfall Chapters) -- Hong Kong (Shadowrun: Hong Kong)</subfield>
  </datafield>
  <datafield tag="520" ind1=" " ind2=" ">
    <subfield code="a">"Immerse yourself in 45 spectacularly imagined virtual cities, from Arkham City to Whiterun, in this beautifully illustrated unofficial guide. Spanning decades of digital history, this is the ultimate travel guide and atlas of the gamer imagination. Dimopoulos invites readers to share his vision of dozens of different gaming franchises like never before: discover Dimopoulos's Half-Life 2's City 17, Yakuza 0's Kamurocho, Fallout's New Vegas, Super Mario Odyssey's New Donk City, and many more. Each chapter of this virtual travel guide consists of deep dives into the history and lore of these cities from an in-universe perspective. Illustrated with original color ink drawings and-of course-gorgeous and detailed maps, readers can explore the nostalgic games of their youth as well as modern hits. Sidebars based on the author's research tell behind-the-scenes anecdotes and reveal the real-world stories that inspired these iconic virtual settings. With a combination of stylish original maps, illustrations, and insightful commentary and analysis, this is a must-have for video game devotees, world-building fans, and game design experts"--</subfield>
    <subfield code="c">Provided by publisher.</subfield>
  </datafield>
  <datafield tag="650" ind1=" " ind2="7">
    <subfield code="a">Video games.</subfield>
    <subfield code="2">BUEsh</subfield>
  </datafield>
  <datafield tag="650" ind1=" " ind2="7">
    <subfield code="a">Computer games.</subfield>
    <subfield code="2">BUEsh</subfield>
  </datafield>
  <datafield tag="650" ind1=" " ind2="7">
    <subfield code="a">Video games</subfield>
    <subfield code="x">Design</subfield>
    <subfield code="v">Illustrations.</subfield>
    <subfield code="2">BUEsh</subfield>
  </datafield>
  <datafield tag="650" ind1=" " ind2="7">
    <subfield code="a">Computer art.</subfield>
    <subfield code="2">BUEsh</subfield>
  </datafield>
  <datafield tag="653" ind1=" " ind2=" ">
    <subfield code="b">ART</subfield>
    <subfield code="c">December2021</subfield>
  </datafield>
  <datafield tag="655" ind1=" " ind2=" ">
    <subfield code="v">Reading book</subfield>
    <subfield code="9">34232</subfield>
  </datafield>
  <datafield tag="700" ind1="1" ind2=" ">
    <subfield code="a">Kallikaki, Maria,</subfield>
    <subfield code="e">illustrator.</subfield>
  </datafield>
  <datafield tag="700" ind1="1" ind2=" ">
    <subfield code="a">Papanastasiou, Vivi,</subfield>
    <subfield code="e">illustrator.</subfield>
  </datafield>
  <datafield tag="906" ind1=" " ind2=" ">
    <subfield code="a">7</subfield>
    <subfield code="b">cbc</subfield>
    <subfield code="c">orignew</subfield>
    <subfield code="d">1</subfield>
    <subfield code="e">ecip</subfield>
    <subfield code="f">20</subfield>
    <subfield code="g">y-gencatlg</subfield>
  </datafield>
  <datafield tag="942" ind1=" " ind2=" ">
    <subfield code="2">ddc</subfield>
    <subfield code="c">BB</subfield>
  </datafield>
  <datafield tag="999" ind1=" " ind2=" ">
    <subfield code="c">29695</subfield>
    <subfield code="d">29666</subfield>
  </datafield>
  <datafield tag="952" ind1=" " ind2=" ">
    <subfield code="0">0</subfield>
    <subfield code="1">0</subfield>
    <subfield code="2">ddc</subfield>
    <subfield code="4">0</subfield>
    <subfield code="7">0</subfield>
    <subfield code="8">Baccah</subfield>
    <subfield code="a">MAIN</subfield>
    <subfield code="b">MAIN</subfield>
    <subfield code="c">2ND</subfield>
    <subfield code="d">2021-12-06</subfield>
    <subfield code="e">Purchase</subfield>
    <subfield code="g">490.00</subfield>
    <subfield code="h">36257</subfield>
    <subfield code="l">1</subfield>
    <subfield code="o">794.8 DIM</subfield>
    <subfield code="p">000056021</subfield>
    <subfield code="r">2025-09-17 00:00:00</subfield>
    <subfield code="s">2025-06-03</subfield>
    <subfield code="v">612.50</subfield>
    <subfield code="w">2021-12-06</subfield>
    <subfield code="y">BB</subfield>
  </datafield>
</record>
